[Event "Foment Martinenc op-C 18th"]
[Site "Barcelona"]
[Date "2016.06.04"]
[Round "7"]
[White "Nunez Romeo, Fausto"]
[Black "Castano Fernandez, Alfredo"]
[Result "1-0"]
[WhiteElo "1705"]
[BlackElo "1758"]
[PlyCount "82"]
[EventDate "2016.04.23"]
[EventType "swiss"]
[EventRounds "9"]
[EventCountry "ESP"]
[SourceTitle "EXT 2017"]
[Source "ChessBase"]
[SourceDate "2016.10.25"]
[SourceVersion "1"]
[SourceVersionDate "2016.10.25"]
[SourceQuality "1"]

1. e4 e5 2. Bc4 Nf6 3. Nc3 Bc5 4. d3 h6 5. Nf3 d6 6. 0-0 Bg4 7. h3 Bh5 8. g4 Bg6 9. Nh4 Bh7 10. Nf5 Bxf5 11. exf5 Nc6 12. Na4 Qd7 13. Nxc5 dxc5 14. Be3 Qd6 15. a3 Nd5 16. Bd2 0-0-0 17. b4 cxb4 18. axb4 Ncxb4 19. Rxa7 Qb6 20. Qa1 Nc6 21. Ra8+ Nb8 22. Qxe5 f6 23. Qa1 Rhe8 24. Qa2 c6 25. Ba5 Qd4 26. Bxd8 Rxd8 27. Qb1 Nb6 28. Be6+ Kc7 29. Ra2 N8d7 30. Rb2 Rb8 31. Rb4 Qc5 32. d4 Qc3 33. Qb2 Qxh3 34. d5 c5 35. Rf4 Ne5 36. Qb3 Qxb3 37. cxb3 Kd6 38. Kg2 Nxd5 39. Rd1 b6 40. Bxd5 Kc7 41. Kg3 Rg8 1-0

[Event "Foment Martinenc op-C 18th"]
[Site "Barcelona"]
[Date "2016.05.28"]
[Round "6"]
[White "Castano Fernandez, Alfredo"]
[Black "Farell Duran, Josep"]
[Result "0-1"]
[WhiteElo "1758"]
[BlackElo "1707"]
[PlyCount "73"]
[EventDate "2016.04.23"]
[EventType "swiss"]
[EventRounds "9"]
[EventCountry "ESP"]
[SourceTitle "EXT 2017"]
[Source "ChessBase"]
[SourceDate "2016.10.25"]
[SourceVersion "1"]
[SourceVersionDate "2016.10.25"]
[SourceQuality "1"]

1. e4 c6 2. d4 d5 3. e5 Bf5 4. f4 e6 5. Nf3 Nd7 6. Be2 Bb4+ 7. c3 Ba5 8. 0-0 Ne7 9. Nh4 0-0 10. Nd2 c5 11. Nb3 Bb6 12. c4 cxd4 13. Nxd4 Nc6 14. Be3 Nxd4 15. Bxd4 Bxd4+ 16. Qxd4 Qxh4 17. cxd5 exd5 18. Qxd5 Rab8 19. Rac1 Be6 20. Qa5 a6 21. Qa4 Rfc8 22. Rcd1 Nxe5 23. g3 Qe7 24. fxe5 Qc5+ 25. Rf2 Qxe5 26. b3 Rc2 27. Qh4 g5 28. Qh5 Rbc8 29. Bd3 Rxf2 30. Bxh7+ Kf8 31. Kxf2 Qf6+ 32. Qf3 Qb2+ 33. Qe2 Qxe2+ 34. Kxe2 Bg4+ 35. Ke1 Re8+ 36. Kd2 Rd8+ 37. Bd3 0-1

[Event "Foment Martinenc op-C 18th"]
[Site "Barcelona"]
[Date "2016.04.30"]
[Round "2"]
[White "Castano Fernandez, Alfredo"]
[Black "Murciano Criado, Natalia"]
[Result "0-1"]
[WhiteElo "1758"]
[BlackElo "1670"]
[PlyCount "72"]
[EventDate "2016.04.23"]
[EventType "swiss"]
[EventRounds "9"]
[EventCountry "ESP"]
[SourceTitle "EXT 2017"]
[Source "ChessBase"]
[SourceDate "2016.10.25"]
[SourceVersion "1"]
[SourceVersionDate "2016.10.25"]
[SourceQuality "1"]

1. e4 e5 2. Nf3 Nc6 3. Bb5 Nf6 4. 0-0 Bc5 5. c3 Bb6 6. d3 h6 7. Bxc6 bxc6 8. Nxe5 0-0 9. Qf3 Re8 10. Qg3 Kf8 11. Nf3 d6 12. h3 Nh5 13. Qh2 Re6 14. g4 Rg6 15. Kh1 Qf6 16. Nbd2 Nf4 17. d4 Ne2 18. e5 Qf4 19. Qxf4 Nxf4 20. Nh4 Re6 21. exd6 cxd6 22. Kh2 Bb7 23. Ndf3 Nd3 24. b4 Rae8 25. Be3 c5 26. a3 g5 27. bxc5 Bc7 28. Nf5 Bxf3 29. Nxh6 Rxh6 30. Bxg5 Rg6 31. Be3 dxc5+ 32. Kg1 Rg7 33. Bh6 a5 34. Rab1 Bf4 35. Bxg7+ Kxg7 36. Rb5 Rh8 0-1